000 00961nas a2200301 4500
001 BR2013000773
003 BR-BrBNA
005 20231205121837.0
007 ta
008 230509b bl.|||p| |||| 00| 00por d
040 _aBR-BrBNA
_bpor
_cBiblioteca Nacional de Agricultura
041 _a(Pt)
072 _aH10
100 1 _aLópez, E.A.L.
100 1 _aNeves, P.M.O.J.
100 1 _aAlmeida, V.P.
100 1 _aTaiozzo, G.
100 1 _aFancelli, M.
245 1 _aMétodos de inoculação e virulência de Beauveria bassiana (Bals.)Vuill. a Cosmopolites sordidus (Germar)(Coleoptera: Curculionidae)em laboratório
650 _aBANANA
650 _aBROCA
650 _aCOSMOPOLITES SORDIDUS
650 _aCONTROLE BIOLÓGICO
650 _aINOCULAÇÃO
773 0 _tSemina. Ciências Agrarias (Brazil)
_xISSN 1676-546X
_g(Jan-Mar 2010), v. 31(1) p. 67-74
_wBR2013000773
909 _a202311
_bLúcia
_c55
_dLúcia Elande
942 _2AGRIS
_n0
_cANA
999 _c225527
_d225527